| 000 | 00396nam a2200169Ia 4500 | ||
|---|---|---|---|
| 005 | 20250603145927.0 | ||
| 008 | 250603s9999 xx 000 0 und d | ||
| 020 | _a0- 9704370- 0- 5 | ||
| 050 | _aBP 166.8 .G85/ | ||
| 245 | 4 | _aThe resurrection and the afterlife | |
| 260 | _aNew Jersey | ||
| 260 | _bLight, Inc. | ||
| 260 | _c2006 | ||
| 300 | _a235 p | ||
| 650 | _aNew Jersey | ||
| 942 | _cBK | ||
| 999 |
_c43265 _d43265 |
||